Zákon o poisťovníctve

Úvodné vysvetlivky k zákonu. Pojem poistenia a poisťovníctva. Verejné a súkromné poistné právo. Individuálne (súkromné) a sociálne poistenie. Dejiny poisťovníctva. Základné princípy zákona o poisťovníctve. Úplné znenie zákona Slovenskej národnej rady č.24/1991 Zb. v znení zákona č.25/1992 Zb., zákon...

ver descrição completa

Na minha lista:
Detalhes bibliográficos
Autor principal: Fekete, Imrich
Formato: Capítulo de Livro
Idioma:eslovaco
Assuntos:
Tags: Adicionar Tag
Sem tags, seja o primeiro a adicionar uma tag!

MARC

LEADER 00000naa a2200000 4500
001 r021601
005 20230809082132.7
041 0 |a slo 
044 |a SK 
245 1 0 |a Zákon o poisťovníctve  |c Imrich Fekete 
520 |a Úvodné vysvetlivky k zákonu. Pojem poistenia a poisťovníctva. Verejné a súkromné poistné právo. Individuálne (súkromné) a sociálne poistenie. Dejiny poisťovníctva. Základné princípy zákona o poisťovníctve. Úplné znenie zákona Slovenskej národnej rady č.24/1991 Zb. v znení zákona č.25/1992 Zb., zákona č.197/1992 Zb. a zákona č.306/1995 Z.z. s komentárom. 
610 2 0 |a zákony 
610 2 0 |a Slovensko 
610 2 0 |a 1991-1995 
610 2 0 |a poisťovníctvo 
610 2 0 |a komentáre 
610 2 0 |a pojmy 
610 2 0 |a dejiny 
610 2 0 |a poistenie 
610 2 0 |a právo poistné 
100 1 |a Fekete, Imrich